| 000 | 00901pam a2200253 a 4500 | ||
|---|---|---|---|
| 999 |
_c3181 _d3181 |
||
| 003 | OSt | ||
| 005 | 20210830063108.0 | ||
| 008 | 980330s1999 paua b 001 0 eng | ||
| 020 | _a0721670970 | ||
| 040 | _cDLC | ||
| 050 | 0 | 0 |
_aSF810 _b.A3 B74 1999 |
| 100 | 1 | _aBowman, Dwight D. | |
| 245 | 1 | 0 |
_aGeorgis' parasitology for veterinarians / _cDwight D. Bowman ; with a chapter on antiparasitic drugs by Randy Carl Lynn. |
| 250 | _a7th ed. | ||
| 260 |
_aPhiladelphia : _bW.B. Saunders Co., _cc1999. |
||
| 300 |
_axii, 414 p. : _bill. ; _c27 cm. |
||
| 504 | _aIncludes bibliographical references and index. | ||
| 650 | 0 | _aVeterinary parasitology. | |
| 700 | 1 | _aLynn, Randy Carl. | |
| 700 | 1 |
_aGeorgi, Jay R., _d1928- |
|
| 906 |
_a7 _bcbc _corignew _d1 _eocip _f19 _gy-gencatlg |
||
| 942 |
_2lcc _cBK _nSO |
||